Game theory and mathematical economics : proceedings of the Seminar on Game Theory and Mathematical Economics, Bonn/Hagen, 7-10 October, 1980 /

Bibliographic Details
Corporate Author: Seminar on Game Theory and Mathematical Economics Bonn, Germany and Hagen, Germany
Other Authors: Moeschlin, Otto, Pallaschke, Diethard
Format: Conference Proceeding Book
Language:English
Published: Amsterdam ; New York : North-Holland ; [1981]
Subjects:

MARC

Tag First Indicator Second Indicator Subfields
LEADER 00000pam a2200000 a 4500
001 in00000081918
005 20151008054209.0
008 810901s1981 ne a b 10110 eng
010 |a  81014121  
020 |a 044486296X (U.S.) 
035 |a (OCoLC)07795173 
035 |9 AAH9943AM 
039 0 |a 2  |b 3  |c 3  |d 3  |e 3 
040 |a DLC  |c DLC  |d TXA  |d UtOrBLW 
049 |a TXAM  |c [1672387] 
050 0 0 |a HB144  |b .S45 1980 
082 0 |a 330/.01/51  |2 19 
111 2 |a Seminar on Game Theory and Mathematical Economics  |d (1980 :  |c Bonn, Germany and Hagen, Germany) 
245 1 0 |a Game theory and mathematical economics :  |b proceedings of the Seminar on Game Theory and Mathematical Economics, Bonn/Hagen, 7-10 October, 1980 /  |c managing editors, O. Moeschlin, D. Pallaschke. 
264 1 |a Amsterdam ;  |a New York :  |b North-Holland ;  |c [1981] 
264 2 |a New York, N.Y. :  |b Sole distributors for the U.S.A. and Canada, Elsevier North-Holland, 
264 4 |c ©1981 
300 |a x, 463 pages :  |b illustrations ;  |c 23 cm. 
336 |a text  |b txt  |2 rdacontent 
337 |a unmediated  |b n  |2 rdamedia 
338 |a volume  |b nc  |2 rdacarrier 
504 |a Includes bibliographies and index. 
650 0 |a Game theory  |v Congresses. 
650 0 |a Economics, Mathematical  |v Congresses. 
700 1 |a Moeschlin, Otto. 
700 1 |a Pallaschke, Diethard. 
999 |a MARS 
999 f f |s 9005c3e5-1767-3bd1-8546-ba39961bd379  |i 69f0022e-cd4a-3cef-961e-5a9f3918f7d5  |t 0 
952 f f |p ric  |a Texas A&M University  |b Rellis Campus  |c Joint Library Facility  |d Remote Storage  |t 0  |e HB144 .S45 1980  |h Library of Congress classification  |i unmediated -- volume  |m A14806119341 
998 f f |a HB144 .S45 1980  |t 0  |l Remote Storage